000 00802nam a22001697a 4500
999 _c57073
_d57073
005 20201224131818.0
008 191107s2019 ru ||||| |||| 00| 0 rus d
020 _q02080613
041 _arus
245 _aМолекулярная генетика микробиология и вирусология :
_b2019. научно-теоретический журнал /
_cГлавный ред : С.В. Костров.
260 _aМосква :
_bМедиасфера,
_c2019.
300 _aV.
653 _aმოლეკულური გენეტიკა მიკრობიოლოგია და ვირუსოლოგია
653 _aპერიოდიკა
700 _aКостров, С.В.
_eმთავარი რედაქტორი
_95284
942 _2udc
_cCR